Adquisición de bienes y servicios

Uloženo v:
Podrobná bibliografie
Korporativní autor: Servicio Nacional del Consumidor (Autor)
Médium: Kniha
Jazyk:španělština
Vydáno: Santiago SERNAC 1990
Témata:
Tagy: Přidat tag
Žádné tagy, Buďte první, kdo vytvoří štítek k tomuto záznamu!

MARC

LEADER 00000nam a2200000 a 4500
001 UCP9358
003 CL-VaPUC
008 000324e19900000CL |||||||||||||||||spa|d
082 0 4 |a 343.071  |b SER  |2 21 
110 2 |a Servicio Nacional del Consumidor  |e author  |9 439875 
245 1 0 |a Adquisición de bienes y servicios 
300 |a pag. irreg 
942 |c BK 
945 |d 20000324 00:00:00  |a crobeson 
260 |a Santiago  |b SERNAC  |c 1990 
650 0 |a Consumo  |9 333893 
650 7 |a COMPRA  |2 CL-VaPUC  |9 369023 
650 0 |a Derechos del consumidor  |9 367388 
650 0 |a Consumidores  |9 315658 
583 |a last modification  |c 20000324 00:00:00  |k Rodrigo Vera 
999 |c 286180  |d 286178 
952 |0 0  |1 0  |4 0  |6 343_071000000000000_SER_1990  |7 0  |8 A  |9 331667  |a BIBHIS  |b BIBHIS  |d 2019-11-20  |i 1397702  |o 343.071 SER 1990  |p 1397702  |r 2023-01-25  |w 2019-11-20  |y BK  |k HIS